Brazil's Most Successful Football Clubs - Statistics

General Stats
  • This quiz has been taken 217 times
    198 since last reset
  • The average score is 15 of 22
Answer Stats
Brasileirão Copa do Brasil Copa Libertadores Copa Sudamericana Total Club % Correct
2 1 3 - 6 Santos
94%
5 3 1 - 9 Flamengo
91%
7 3 1 - 11 Corinthians
87%
5 3 1 - 9 Palmeiras
87%
6 - 3 1 10 São Paulo
86%
4 1 - - 5 Fluminense
83%
2 5 3 - 10 Grêmio
80%
4 - 1 - 5 Vasco da Gama
80%
1 - - - 1 Botafogo
79%
1 1 1 - 3 Atlético Mineiro
78%
3 5 2 - 10 Cruzeiro
78%
1 - - - 1 Atlético Paranaense
76%
3 1 2 1 7 Internacional
76%
1 - - - 1 Bahia
66%
1 - - - 1 Coritiba
53%
1 1 - - 2 Sport
51%
- - - 1 1 Chapecoense
42%
1 - - - 1 Guarani
42%
- 1 - - 1 Juventude
38%
- 1 - - 1 Criciúma
33%
- 1 - - 1 Santo André
30%
- 1 - - 1 Paulista
26%
No matching quizzes found
Score Distribution
Percent of People with Each Score
Percentile by Number Answered
Your Score History
You have not taken this quiz since the last reset